Anglické předložky význam a správné používání
Na minha lista:
| Outros Autores: | |
|---|---|
| Formato: | Livro |
| Idioma: | tcheco inglês |
| Publicado em: |
Praha
GRADA Publishing
2009
|
| Assuntos: | |
| Tags: |
Sem tags, seja o primeiro a adicionar uma tag!
|
MARC
| LEADER | 00000nam a2200000 4500 | ||
|---|---|---|---|
| 001 | 0214973 | ||
| 005 | 20240318114045.6 | ||
| 020 | |a 978-80-247-3092-9 | ||
| 041 | 0 | |a cze | |
| 041 | 0 | |a eng | |
| 245 | 1 | 0 | |a Anglické předložky |b význam a správné používání |c přeložila: Jitka Koubková |
| 264 | 1 | |a Praha |b GRADA Publishing |c 2009 | |
| 300 | |a 77 s. | ||
| 610 | 2 | 0 | |a jazykoveda |
| 610 | 2 | 0 | |a terminológia |
| 610 | 2 | 0 | |a jazyky cudzie |
| 610 | 2 | 0 | |a gramatika |
| 700 | 1 | |a Koubková, Jitka | |